[Event "XVIII Najdorf Open 2018"]
[Site "Warsaw"]
[Date "2018.07.15"]
[Round "8"]
[White "Dhulipalla, Bala Chandra Prasad"]
[Black "Klekowski, Maciej"]
[Result "0-1"]
[WhiteElo "2268"]
[BlackElo "2509"]
[Annotator "TA"]
[PlyCount "114"]
[EventDate "2018.07.08"]
[EventCountry "POL"]
[SourceTitle "playchess.com"]
[Source "ChessBase"]
[SourceQuality "1"]

{[%evp 26,114,33,32,25,-21,-28,-26,-28,-37,-13,-71,-59,-162,-155,-161,-158,-151,-147,-162,-159,-166,-161,-158,-159,-161,-151,-150,-98,-102,-104,-102,-108,-113,-122,-106,-52,-87,-55,-210,-212,-247,-226,-222,-230,-236,-253,-247,-244,-231,-237,-409,-410,-484,-491,-498,-494,-491,-483,-486,-461,-464,-466,-469,-440,-553,-474,-547,-472,-632,-629,-593,-491,-682,-653,-774,-747,-774,-774,-773,-773,-774,-774,-773,-774,-700,-680,-771,-760,-722,-693]} 1. d4 Nf6 2. c4 e6 3. g3 c5 4. d5 exd5 5. cxd5 g6 6. Nc3 d6 7. Bg2 Bg7 8. Nf3 O-O 9. O-O Re8 10. Bf4 a6 11. a4 Qc7 12. Re1 {A62: Modern Benoni: Fianchetto Variation without early ...Nbd7} (12. h3 Nbd7 13. Qd2 Rb8 14. Rab1 b5 15. axb5 axb5 16. b4 Ne4 17. Nxe4 Rxe4 18. Ng5 Re8 19. Ne4 Rxe4 20. Bxe4 c4 {1-0 (38) Xiong,J (2640)-Onischuk,A (2681) Saint Louis 2018}) 12... Nbd7 {[%cal Bb8d7,Bd7c5,Bc5b3][%mdl 32]} 13. h3 Nh5 14. Bd2 {LiveBook: 3 Games. White is slightly better.} c4 15. Qc2 $146 ({Predecessor:} 15. b4 cxb3 16. Qxb3 Nc5 17. Qb4 Bd7 18. Rab1 Rac8 19. g4 Nf6 {0-1 (29) Kostiukova,L (2215)-Brodsky,M (2558) Cappelle-la-Grande 2012}) 15... Nc5 16. Ra3 Bd7 17. a5 Nb3 18. Nb1 (18. e4 $11) 18... Qc5 $17 19. Bc3 (19. e3 $15) 19... Nxg3 $1 $19 {aiming for ...Bf5.} (19... Qxd5 20. Ne5 $16) 20. Bxg7 {Black must now prevent Bh6.} Bf5 $1 $36 {[%cal Rf5c2][%mdl 2048] White is under strong pressure.} (20... Kxg7 21. e4 $15) 21. Qc3 {Hoping for Bh6.} Ne4 (21... Rxe2 $6 22. Bd4 $11) (21... Nxe2+ 22. Rxe2 Rxe2 23. Nd4 $17) 22. Bd4 Nxc3 23. Bxc5 Nxb1 ({Resist} 23... Nxe2+ 24. Rxe2 Rxe2 25. Nc3 $15) 24. Rxb3 cxb3 25. Bxd6 Rad8 26. Bg3 {[#]} Rxd5 (26... Na3 $142 $1 {[%mdl 512]} 27. bxa3 Rxd5) 27. Nh4 $17 Be4 {Strongly threatening ...Nd2.} ({But not} 27... Rxa5 $6 28. Nxf5 Rxf5 29. Rxb1 $11) 28. Bxe4 Rxe4 29. Rxb1 Rxe2 {And now ...Rdd2 would win.} 30. Nf3 Re4 (30... Rxa5 $17 31. Bf4 Re4) 31. Rc1 Rxa5 32. h4 $2 {[#]} (32. Rc8+ $15 Kg7 33. Rc7) 32... Re2 $1 $19 33. Rc8+ Kg7 34. Rc7 Rxb2 35. Rxb7 Rb1+ 36. Kg2 Rb5 37. Be5+ Kf8 38. Rd7 $2 {[#]} (38. Rxb5 axb5 39. Nd2) 38... Ke8 $1 {[%cal Re8d7]} ({And not} 38... b2 39. Bf6 $11) 39. Rd6 b2 {Black is clearly winning.} 40. Bf6 {[%csl Gf6][%cal Rd6d8]} Rb8 41. Bxb2 R1xb2 42. Rxa6 {[%mdl 4096] Endgame KRR-KRN} R2b6 43. Ra7 R6b7 44. Ra6 Kf8 45. Ra4 Kg7 46. Ra3 h6 {[%cal Bh7h6,Bh6h5][%mdl 32]} 47. Ra4 Rb4 48. Ra5 R8b5 49. Ra7 Rf5 50. Ra3 Rg4+ 51. Kh3 h5 52. Rb3 Kh6 53. Nh2 Rgf4 54. f3 Ra4 55. Kg3 Rff4 56. Rb7 Kg7 57. Rb1 Rxh4 {Precision: White = 38%, Black = 79%.} 0-1

[Event "XVIII Najdorf Open 2018"]
[Site "Warsaw"]
[Date "2018.07.15"]
[Round "8"]
[White "Chomczyk, Marek"]
[Black "Krysztofiak, Marcin"]
[Result "1/2-1/2"]
[WhiteElo "2247"]
[BlackElo "2384"]
[Annotator "NA"]
[PlyCount "79"]
[EventDate "2018.07.08"]
[EventCountry "POL"]
[SourceTitle "playchess.com"]
[Source "ChessBase"]
[SourceQuality "1"]

1. e4 c6 2. d4 d5 3. exd5 cxd5 4. Bd3 Nc6 5. c3 Nf6 6. Bf4 g6 7. Nf3 Bg7 8. O-O O-O 9. Nbd2 Nh5 10. Be3 Qd6 11. Re1 {B13: Caro-Kann: Exchange Variation and Panov-Botvinnik Attack} b6 (11... Re8 12. h3 b6 13. a4 Bb7 14. Nb3 a5 15. Qd2 {½-½ (42) Tari,A (2597)-Prohaszka,P (2592) Gallipoli 2017}) 12. Nf1 Bg4 $146 ({Predecessor:} 12... f6 13. c4 Nb4 14. Be2 Bf5 15. Nh4 Nf4 16. Bxf4 Qxf4 17. g3 Qd6 18. Nxf5 gxf5 {1-0 (40) Ladron de Guevara Pinto,P (2422)-Buendia Pinar,A (2297) La Roda 2018}) 13. h3 Bxf3 14. Qxf3 f5 15. Bc2 (15. Bb5 $14) 15... f4 16. Bc1 e5 17. Bb3 Rad8 18. dxe5 Nxe5 19. Qd1 $11 Kh8 20. Nh2 Rfe8 21. Bd2 Nd3 22. Rxe8+ Rxe8 23. Qf3 Nxb2 24. Bxd5 Rd8 25. Re1 Nf6 26. c4 Nxc4 27. Bxc4 Qxd2 28. Rf1 Qd4 29. Bb3 Qe4 30. Qc3 Qb7 31. Nf3 Ne4 32. Qc1 Nc5 33. Bc4 b5 34. Rd1 Rxd1+ 35. Qxd1 Qd7 36. Qxd7 Nxd7 37. Bxb5 Nc5 38. Ne1 Bc3 39. Nd3 Nxd3 40. Bxd3 1/2-1/2

[Event "XVIII Najdorf Open 2018"]
[Site "Warsaw"]
[Date "2018.07.15"]
[Round "8"]
[White "Sowul, Bartosz"]
[Black "Bartel, Michal"]
[Result "1-0"]
[WhiteElo "2242"]
[BlackElo "2360"]
[Annotator "TA"]
[PlyCount "97"]
[EventDate "2018.07.08"]
[EventCountry "POL"]
[SourceTitle "playchess.com"]
[Source "ChessBase"]
[SourceQuality "1"]

{[%evp 15,97,-9,-7,-9,93,95,97,90,115,12,24,27,22,17,14,16,43,55,51,63,66,52,60,10,63,52,102,38,184,116,134,125,189,130,175,129,397,382,327,224,446,420,821,796,787,788,758,764,1099,1077,984,813,1113,1092,1086,687,1351,1350,1108,1233,1284,1160,1027,613,1195,1169,1243,1229,1187,0,1220,1165,29985,29986,29986,29987,29987,29988,29988,29989,29989,29990,29990,29991]} 1. Nf3 d5 2. e3 c5 3. c4 d4 4. exd4 cxd4 5. g3 Nc6 6. Bg2 {A09: Réti Opening: 1 Nf3 d5 2 c4} e5 (6... Nf6 7. O-O e5 8. d3 Nd7 9. Na3 Be7 10. Nc2 O-O 11. a3 a5 12. Bd2 {½-½ (24) Cordova,E (2621)-Mareco,S (2643) Montevideo 2018}) 7. O-O f6 8. d3 Bg4 {LiveBook: 8 Games} 9. h3 Bf5 $146 (9... Be6 $11 {keeps the balance.}) ({Predecessor:} 9... Be6 10. Na3 Qd7 11. Kh2 h5 12. Rb1 Nh6 13. Bxh6 Rxh6 {0-1 (31) Piasetski,L (2424)-Pechisker,A (2294) New Westminster 2009}) 10. Nh4 $16 Be6 11. f4 $1 Bd6 12. b4 ({White should try} 12. Qh5+ $16 Bf7 13. Bxc6+ bxc6 14. Qg4) 12... Nxb4 13. Bxb7 Rb8 $1 {[%cal Rb8b7]} 14. Bg2 {Hoping for a3.} Ne7 15. a3 $36 {[%mdl 2048] Black is under pressure.} Nbc6 16. f5 Bf7 17. Nd2 Na5 18. Qa4+ Kf8 19. Ra2 Be8 (19... Nb3 $11) 20. Qd1 $14 Nec6 21. Bd5 ({White should play} 21. g4 $16) 21... Be7 (21... Ne7 $14) 22. Qf3 (22. g4 $1 $18) 22... Rb6 $16 {[#]} 23. g4 $1 Qc7 (23... Nb8 $16 {was necessary.}) 24. c5 $18 Bxc5 25. Ne4 Be7 $2 {[%mdl 8192] [#]} (25... Ne7 $16 {was worth a try.} 26. Rc2 Nxd5 27. Nxc5 Qd6) 26. g5 $1 Nd8 27. gxf6 Rxf6 $2 (27... Bxf6 28. Nxf6 Rxf6) 28. Bg5 Nf7 (28... Bf7 $142) 29. Bxf6 Bxf6 {[#]} 30. Ng6+ $1 {[%mdl 512]} hxg6 31. fxg6 Ng5 32. Nxg5 Ke7 33. Ne4 Rf8 34. Qg2 Bh4 35. Raa1 {Strongly threatening Rxf8.} Qb6 36. Rxf8 Kxf8 37. Rf1+ Ke7 38. Bf7 Bd7 39. Qh2 Qb5 {[#]} 40. a4 $1 Qb8 (40... Qxa4 41. Qxe5+) 41. Bd5 Be8 42. Bf7 $2 (42. Qa2 $18 Qb4 43. Bg8) 42... Bc6 $2 {[%mdl 8192]} (42... Bd7 $11 43. Bg8 Be8) 43. Qa2 Bd7 44. Qa3+ {White mates.} Kd8 45. Qf8+ Kc7 46. Qd6+ Kc8 47. Rc1+ Nc6 48. Rxc6+ Bxc6 49. Be6+ {Precision: White = 76%, Black = 33%.} 1-0

[Event "XVIII Najdorf Open 2018"]
[Site "Warsaw"]
[Date "2018.07.15"]
[Round "8"]
[White "Spitzl, Vinzent"]
[Black "Lewtak, Damian"]
[Result "1/2-1/2"]
[WhiteElo "2241"]
[BlackElo "2358"]
[Annotator "TA"]
[PlyCount "38"]
[EventDate "2018.07.08"]
[EventCountry "POL"]
[SourceTitle "playchess.com"]
[Source "ChessBase"]
[SourceQuality "1"]

{[%evp 15,38,66,79,0,0,-1,6,-14,0,0,0,0,22,20,53,43,28,26,45,37,45,35,39,43,49]} 1. e4 e6 2. d4 d5 3. Nd2 c5 4. exd5 exd5 5. Bb5+ Nc6 6. Ngf3 Nf6 7. O-O Be7 {[%cal Bf8e7,Be7c5,Bc5b6][%mdl 32]} 8. dxc5 O-O {LiveBook: 13 Games} 9. h3 {C08: French Tarrasch: 3...c5 4 exd5 exd5 sidelines} ({Better is} 9. Nb3 $16) (9. Nb3 Ne4 10. Be3 Bg4 11. c4 a6 12. Qxd5 axb5 13. Qxe4 Bxf3 14. Qxf3 bxc4 15. Nd2 Ra4 16. Qd1 Qa5 17. Qc2 {1-0 (61) Hawkins,J (2582)-Arkell,K (2424) Llandudno 2017}) 9... Bxc5 $11 10. Nb3 Bb6 11. Nbd4 $146 {The position is equal.} ({Predecessor:} 11. Re1 Re8 12. Rxe8+ Qxe8 13. a4 a6 {½-½ (51) Moraes,F (1963)-Voveris,G (2270) ICCF email 2015}) 11... Qd6 12. Be3 Bd7 {[#] ...Nxd4 is the strong threat.} 13. Bd3 Ne7 14. Re1 a6 15. Nb3 {And now Bxb6 would win.} Rfe8 16. Bd4 Ng6 17. Bxg6 {White is slightly better.} hxg6 18. Bxb6 {[#] Strongly threatening Be3.} Qxb6 19. Qd4 Qc7 {Precision: White = 70%, Black = 62%.} 1/2-1/2

[Event "XVIII Najdorf Open 2018"]
[Site "Warsaw"]
[Date "2018.07.15"]
[Round "8"]
[White "Sanz Wawer, Daniel"]
[Black "Karpus, Michal"]
[Result "0-1"]
[WhiteElo "2233"]
[BlackElo "2364"]
[Annotator "TA"]
[PlyCount "94"]
[EventDate "2018.07.08"]
[EventCountry "POL"]
[SourceTitle "playchess.com"]
[Source "ChessBase"]
[SourceQuality "1"]

{[%evp 11,94,36,33,8,2,6,8,-13,-15,-4,-6,-53,-41,-52,0,-57,-43,-39,-49,-51,-13,-85,95,-50,-46,-54,33,37,28,1,12,-14,0,0,0,0,25,-121,-122,-150,-163,-163,-160,-170,-167,-162,-166,-177,-178,-186,-184,-172,-171,-321,-324,-315,-320,-361,-319,-335,-320,-349,-306,-465,-460,-464,-472,-602,-587,-2284,-569,-551,-534,-515,-511,-663,-651,-641,-642,-639,-629,-612,-581,-516,-508]} 1. e4 e5 2. Nf3 Nc6 3. Bc4 Nf6 4. d3 h6 5. O-O d6 6. c3 g5 {LiveBook: 34 Games. C55: Two Knights: 4 d3, 4 d4 exd4 5 e5 and Max Lange Attack} 7. Qe2 (7. a4 Bg7 8. Re1 O-O 9. h3 d5 10. exd5 Nxd5 11. Nbd2 a6 12. Ne4 Nf4 13. a5 b5 14. axb6 cxb6 {1-0 (43) Karjakin,S (2782)-Mamedyarov,S (2808) Paris 2018}) 7... Bg7 8. Nbd2 $146 ({Predecessor:} 8. Be3 O-O 9. Bb3 d5 10. Bc2 Re8 11. Bc5 Be6 12. Nbd2 Nh5 13. g3 Nf6 14. d4 {½-½ (59) Aldea,L (2181)-Tikhomirov,S (2265) Bucharest 2000}) 8... O-O {The position is equal.} 9. Rd1 Ne7 10. Nf1 Ng6 11. g3 d5 12. exd5 Nxd5 ({Black should play} 12... Bg4 $15) 13. Ne3 (13. d4 $11) 13... c6 14. Bb3 Re8 15. d4 e4 (15... Ngf4 $5 {[%cal Rf4e2]} 16. Qc2 (16. gxf4 exf4 17. c4 Nc7 $15) 16... e4 $11) 16. Ne5 (16. Ne1 $11) 16... Nge7 $2 (16... Bxe5 $17 17. dxe5 Qe7) 17. c4 ({White should try} 17. Qh5 $16 Be6 18. N5g4 Nxe3 19. Bxe6 $1 {[%mdl 512]} fxe6 20. Bxe3) 17... Nxe3 $15 18. fxe3 Bxe5 (18... Ng6 $15) 19. dxe5 $14 Qc7 20. Qh5 Qxe5 21. Bd2 Qg7 22. Bc3 Qg6 23. Qe2 h5 24. Rf1 (24. Rd6 $1 $11 {remains equal.} Be6 25. Bc2) 24... Bg4 $1 $17 {[%cal Rg4e2]} 25. Qg2 {[#]} Nf5 $1 $36 {[%cal Rf5e3,Be7f5,Bf5d6,Bd6e4][%mdl 2080] Keeping White busy.} 26. Rae1 Bf3 $1 {[%cal Rf3g2]} 27. Rxf3 exf3 28. Qxf3 Nd6 29. c5 Ne4 30. Rf1 {[%cal Rb3f7]} Re7 31. Bc2 {[#]} g4 $1 {[%cal Rg4f3]} 32. Qf4 {[#]} (32. Qg2 $142) 32... Nxc3 $1 $19 {[%mdl 512]} 33. bxc3 Qg7 ({And not} 33... Qxc2 34. Qg5+ Kf8 35. Qh6+ Ke8 36. Qh8+ Kd7 37. Qd4+ (37. Qxa8 Kc7 $15) 37... Kc8 38. Rd1 $11) 34. Qd6 Re6 ({Don't play} 34... Rxe3 35. Bb3 $19) 35. Qf4 Rf8 36. Bb3 Re7 37. Qd6 (37. Qf5 {was the only defense.} Qh6 38. Rf4) 37... Qg5 {Black is clearly winning.} 38. Rf4 Rxe3 39. Kf2 Rxc3 40. Bc4 Rxc4 41. Rxc4 {[%mdl 4096] Endgame KQR-KQR} Rd8 42. Qf4 Qxf4+ 43. gxf4 Rd2+ 44. Kg3 Rxa2 45. Rb4 Ra3+ 46. Kg2 Rc3 47. Rxb7 a5 {Precision: White = 21%, Black = 60%.} 0-1

[Event "XVIII Najdorf Open 2018"]
[Site "Warsaw"]
[Date "2018.07.15"]
[Round "8"]
[White "Czopor, Maciej"]
[Black "Deszczynski, Adam"]
[Result "1-0"]
[WhiteElo "2217"]
[BlackElo "2345"]
[Annotator "NA"]
[PlyCount "67"]
[EventDate "2018.07.08"]
[EventCountry "POL"]
[SourceTitle "playchess.com"]
[Source "ChessBase"]
[SourceQuality "1"]

1. e4 c6 2. d4 d5 3. Nc3 dxe4 4. Nxe4 Bf5 5. Ng3 Bg6 6. h4 h6 7. Nf3 Nd7 8. h5 Bh7 9. Bd3 Bxd3 10. Qxd3 e6 11. Bd2 Ngf6 12. O-O-O Be7 13. Kb1 O-O 14. Ne4 c5 15. dxc5 Nxc5 16. Nxc5 Bxc5 17. Qe2 $15 {LiveBook: 5 Games} Qe7 18. Ne5 Rac8 19. g4 Nh7 20. f4 Bd4 21. Nf3 Rfd8 22. Bc1 Bb6 23. Rdf1 Rd5 24. g5 hxg5 25. fxg5 Nxg5 26. Nxg5 Rxg5 27. Bxg5 Qxg5 28. h6 gxh6 29. Rh2 Qd5 30. Qg4+ Kf8 31. Qf4 Rc7 32. Qxh6+ Ke7 33. Rd2 Qe5 34. Qh4+ 1-0

[Event "XVIII Najdorf Open 2018"]
[Site "Warsaw"]
[Date "2018.07.15"]
[Round "8"]
[White "Mulet, Piotr"]
[Black "Oglaza, Oskar"]
[Result "0-1"]
[WhiteElo "2202"]
[BlackElo "2344"]
[Annotator "TA"]
[PlyCount "82"]
[EventDate "2018.07.08"]
[EventCountry "POL"]
[SourceTitle "playchess.com"]
[Source "ChessBase"]
[SourceQuality "1"]

{[%evp 19,82,0,0,-1,6,0,22,-22,23,0,-9,-29,-35,-23,-12,-25,8,-9,-11,-10,0,0,0,-21,-4,-74,-74,-172,-172,-172,-157,-147,-155,-139,-111,-151,-145,-183,-152,-150,-131,-141,-64,-52,-53,-65,-52,-54,-36,-89,-98,-93,-58,-87,-100,-98,-93,-372,-365,-710,-133,-151,-137,-681,-672]} 1. c4 Nf6 2. Nc3 e5 3. g3 Bb4 4. Bg2 O-O 5. Nf3 Nc6 6. O-O d6 7. d3 h6 {A29: Englische Eröffnung (Vierspringer-Variante)} 8. Bd2 a6 9. a3 {[%cal Ba2a3,Ba3a4,Ba4b5][%mdl 32]} Bc5 10. b4 Ba7 {LiveBook: 3 Partien} 11. Qb1 $146 ({Vorgänger:} 11. e3 Rb8 12. Qc2 Bf5 13. Rab1 Qd7 14. Rfc1 Ne7 15. a4 {1-0 (44) Vidit,S (2723)-Gupta,A (2615) chess.com INT 2018}) 11... Be6 12. Rc1 Ne7 13. Nd1 c6 14. a4 Nd7 15. Be3 Bb8 16. b5 d5 17. Bd2 axb5 {[%cal Rd5c4]} 18. axb5 Rxa1 19. Qxa1 dxc4 20. dxc4 Nc5 {[#] Und ...Sb3 würde nun gewinnen.} 21. Qa3 b6 {Droht ...e4 und aus.} 22. Qb2 (22. Be3 $11 {hält das Gleichgewicht.}) 22... cxb5 $17 23. cxb5 (23. Bb4 $17 {war einen Versuch wert.}) 23... Nb3 $19 24. Rc2 e4 25. Ne1 Nd4 26. Bxe4 Nxc2 27. Bxc2 Be5 $1 {[%cal Re5b2]} ({Nicht} 27... Qxd2 $2 {[#]} 28. Bh7+ $1 {[%mdl 512]} Kxh7 29. Qxd2 $18) 28. Qc1 Qd5 29. Bd3 Rc8 30. Qb1 f5 (30... Qd6 $17 31. Nf3 Bf6 32. Bh7+ Kh8) 31. Ne3 Qd7 32. Nf3 Bf6 33. h4 g6 {[%cal Bg7g6,Bg6g5][%mdl 32]} 34. h5 (34. Qb4 $15) 34... g5 $17 35. Bb4 Ra8 {[%cal Bc8a8,Ba8a1,Ba1h1][%mdl 32] ...Ta1 ist eine echte Drohung.} 36. Kh2 Ra1 37. Qc2 f4 $36 {[%mdl 2048] Weiss steht unter starkem Druck.} 38. Bh7+ $2 {[%mdl 8192]} (38. Bxe7 $17 Qxe7 39. Nf5 Bxf5 40. Bxf5) 38... Kh8 $19 39. Nc4 $2 (39. Bc3 Bxc3 40. Qxc3+ Kxh7 41. Qxa1 fxe3 42. Qb1+ Bf5 43. Qb3 exf2 44. Qf7+ Kh8 45. Qf6+ Kg8 46. Kg2) 39... Bxc4 $2 (39... Nd5 $19 {und Schwarz behält klar die Oberhand.} 40. Nce5 fxg3+ 41. Kxg3 Qxh7 42. Ng6+ Kg8) 40. Qxc4 $17 {Schwarz muss nun Lxe7 beachten.} fxg3+ 41. Kxg3 $2 {[%mdl 8192]} (41. fxg3 $17 Nd5 42. e4) 41... Rh1 {Precision: Weiß = 21%, Schwarz = 59%.} 0-1

[Event "XVIII Najdorf Open 2018"]
[Site "Warsaw"]
[Date "2018.07.15"]
[Round "8"]
[White "Fus, Jakub"]
[Black "Warakomska, Anna"]
[Result "1-0"]
[WhiteElo "2195"]
[BlackElo "2342"]
[Annotator "TA"]
[PlyCount "93"]
[EventDate "2018.07.08"]
[EventCountry "POL"]
[SourceTitle "playchess.com"]
[Source "ChessBase"]
[SourceQuality "1"]

{[%evp 22,93,21,16,18,27,31,22,25,25,37,28,23,22,22,23,35,9,36,0,0,0,0,4,11,10,38,18,46,43,45,43,96,89,282,231,348,337,748,739,708,702,1089,529,537,525,503,514,510,512,499,501,491,493,723,712,700,712,678,680,693,653,618,602,977,977,977,706,10149,7507,1777,659,29978,29979]} 1. e4 e5 2. Nf3 Nc6 3. Bb5 a6 4. Ba4 Nf6 {[%cal Bg8f6,Bf6d7,Bd7c5][%mdl 32]} 5. O-O Be7 6. d3 d6 7. c4 O-O {C84: Closed Ruy Lopez: Unusual White 6th moves} 8. h3 Nd7 9. Nc3 (9. Be3 Bf6 10. c5 Ne7 11. cxd6 cxd6 12. Nc3 b5 13. Bb3 Bb7 14. a3 Nc5 15. Ba2 {½-½ (24) Van Foreest,J (2629)-Amin,B (2693) Wijk aan Zee 2018}) 9... Nc5 10. Bxc6 bxc6 11. d4 exd4 12. Nxd4 {LiveBook: 17 Games} Bd7 13. Be3 a5 14. Qc2 Bf6 15. Rad1 {[#]} Qb8 $146 16. Nf3 {Bxc5 is the strong threat.} Bxc3 17. bxc3 {And now Bxc5 would win.} Be6 18. Bxc5 dxc5 19. Qe2 (19. e5 {seems wilder.} h6 20. Nd2 Qc8 21. f4 Bf5 22. Ne4) 19... h6 20. Ne5 Qe8 21. f4 {[%cal Bf2f4,Bf4f5,Bf5f6][%mdl 32]} f6 22. Nf3 Qf7 23. Nd2 Rfe8 24. e5 $36 {[%mdl 2048] aiming for f5. White has the initiative.} fxe5 25. f5 $1 {[%cal Rf5e6]} Bc8 26. Qe3 {[%mdl 1024] White has compensation.} e4 (26... Rf8 $14) 27. f6 $16 g5 $2 (27... Re5 $16) 28. h4 Bg4 (28... Be6 {was necessary.} 29. hxg5 Qg6 30. gxh6 Bf7) 29. Rde1 $18 ({Not} 29. hxg5 Bxd1 30. g6 Qxg6 $18) 29... Re5 $2 (29... Be6 30. hxg5 Qg6 31. gxh6 Bf7) 30. Qg3 Qe6 {[#]} 31. Nxe4 $1 {[%mdl 512]} Rxe4 32. Qxc7 (32. Rxe4 $142 Qxe4 33. Qxc7) 32... Qf7 33. Qxf7+ Kxf7 34. Rxe4 {[%mdl 4096] Endgame KRR-KRB} Be6 35. hxg5 hxg5 36. Re5 Bxc4 37. Re7+ Kf8 (37... Kg6 $142 38. Rg7+ Kh6) 38. Rf3 {White wants to mate with Rh3.} Re8 39. Rxe8+ Kxe8 {KR-KB} 40. a3 Bd5 41. Rf2 Kf7 42. Rf5 g4 43. Kf2 a4 44. Kg3 Kg6 45. f7 Bxf7 {[#]} 46. Rxc5 (46. Rxf7 $142 $1 {[%mdl 512]} Kxf7 47. Kxg4) 46... Bd5 {[#]} 47. Rxd5 $1 {[%mdl 512] Precision: White = 74%, Black = 32%.} 1-0

[Event "XVIII Najdorf Open 2018"]
[Site "Warsaw"]
[Date "2018.07.15"]
[Round "8"]
[White "Kubicka, Anna"]
[Black "Juknis, Paulius"]
[Result "1/2-1/2"]
[WhiteElo "2172"]
[BlackElo "2260"]
[Annotator "TA"]
[PlyCount "109"]
[EventDate "2018.07.08"]
[EventCountry "POL"]
[SourceTitle "playchess.com"]
[Source "ChessBase"]
[SourceQuality "1"]

{[%evp 27,109,0,0,-176,0,0,0,0,0,0,0,0,57,7,47,75,62,30,91,29,21,10,9,-52,-41,-42,-56,-149,-155,-120,-48,-58,-46,-58,-57,-55,-64,-66,-25,-31,-52,-53,-27,-70,-53,-70,-64,-77,-31,-41,-21,-40,-23,-63,-37,-84,-70,-77,-84,-98,-94,-91,-38,-52,-29,-27,0,-84,-88,-93,-22,-27,-31,-33,-9,-9,-8,-4,0,0,0,0,0,-28]} 1. e4 e6 2. d4 d5 3. Nd2 Nf6 4. e5 Nfd7 5. Bd3 c5 6. c3 Nc6 7. Ne2 cxd4 8. cxd4 f6 9. Nf4 Nxd4 10. Qh5+ Ke7 11. exf6+ Nxf6 12. Ng6+ hxg6 13. Qxh8 Kf7 14. Qh4 e5 {LiveBook: 137 Partien. ...e4 ist eine echte Drohung.} 15. O-O $2 {C06: Französische Verteidigung (Tarrasch-Variante)} (15. Nf3 $11 Nxf3+ 16. gxf3) (15. Nf3 Nxf3+ 16. gxf3 Bf5 17. Bxf5 gxf5 18. Bg5 Qa5+ 19. Kf1 g6 20. Qh8 Qa6+ 21. Kg2 Re8 22. Rac1 Be7 23. Qh6 Qd6 24. Rc2 Bf8 25. Qh4 Bg7 26. Rhc1 Re7 27. Bxf6 Bxf6 {1-0 (51) Rublevsky,S (2702)-Volkov,S (2594) Dagomys 2009 CBM 130 [Ftacnik,L]}) 15... Bf5 $2 (15... Be7 $1 $19 16. Qg3 e4 17. Nxe4 Nxe4) 16. Bxf5 $11 gxf5 17. Nb3 Nxb3 18. axb3 d4 19. Bg5 Be7 (19... Bc5 $11) 20. Rac1 $146 ({Vorgänger:} 20. Rfe1 Qd5 21. Rac1 Ke6 22. f3 Rd8 {1-0 (45) Insa Alfonso,P (2196)-Perez Gisbert,S (2029) Mislata 2016}) 20... Qb6 21. Rfe1 Qd6 {[#]} 22. b4 $1 {[%mdl 512]} Re8 (22... e4 $11) (22... Qxb4 23. Rxe5) 23. Qh3 (23. Rc5 $16 Bd8 24. Bxf6 Bxf6 25. Qh3) 23... g6 $1 24. Bxf6 Bxf6 25. Qb3+ (25. g4 $11) 25... Kg7 $15 {[%mdl 1024] Schwarz hat Kompensation.} 26. Qa4 Re7 27. Rc8 (27. Qxa7 $15 Qxb4 28. Qa3 Qxa3 29. bxa3) 27... e4 $17 28. Qb3 {[#]} e3 (28... d3 $1 $17 29. Rd1 Rc7 30. Qg8+ Kh6 31. Rxc7 Qxc7) 29. fxe3 $15 dxe3 30. Re2 (30. Rxe3 $2 Bd4 $19) 30... f4 31. Qg8+ Kh6 {( -> ...Dd1+)} 32. Rc1 Qxb4 33. Qf8+ Bg7 34. Qc8 Qe4 35. Qh3+ Kg5 36. Qf3 Qxf3 37. gxf3 {[%mdl 4096] Endspiel KTT-KTL} Be5 38. Kf1 Re6 39. Rg2+ Kf5 40. Rc8 g5 41. Rf8+ {[#]} Bf6 $1 42. Rc2 Rb6 43. Rg8 Rb5 (43... Rxb2 44. Rxb2 Bxb2 45. Rb8 $11) 44. Rgc8 Kg6 (44... Rxb2 $6 45. Rxb2 Bxb2 46. Rc7 $11) (44... Bxb2 $17 45. R2c5+ Rxc5 46. Rxc5+ Be5) 45. R8c5 Rb3 46. Rg2 Kf7 (46... Rxb2 $6 47. Rcxg5+ Bxg5 48. Rxb2 $14) 47. h3 (47. Rc4 $11 {hält das Gleichgewicht.}) 47... Ke6 $17 ({Nicht} 47... Rxb2 48. Rxb2 Bxb2 49. Rxg5 $16) ({Ein No Go ist} 47... Bxb2 $6 48. Rgxg5 Bf6 49. Rgf5 $11) 48. Rgc2 b6 ({Bitte nicht} 48... Rxb2 $6 49. Rxb2 Bxb2 50. Rxg5 $14) ({Lieber} 48... Be5 $17) 49. Rc7 $11 Bxb2 {Und weiter mit ...a5 wäre nett.} 50. Rxa7 Bd4 51. Ke2 {Die Stellung ist ausgeglichen.} Bc5 52. Rh7 Rb1 53. h4 gxh4 54. Rxh4 Ke5 55. Rh5+ {Precision: Weiß = 47%, Schwarz = 41%.} 1/2-1/2